000 00319nam a2200109Ia 4500
008 200302s9999 xx 000 0 und d
100 _aFrancisco Asensio Cerver
245 _aThe Architecture of Multiresidential Buildings
260 _bArco for Hearts Books International Prblication
260 _c1997
300 _a191 P.,
999 _c1747
_d1747